00532 2200181 4500001002100000005001700021008004100038035002400079040001200103082001200115090001600127245006900143260005300212300002600265650002900291850001200320990001800332INLIS00000000002389420161103153656.0  0010-111600000000148 aYOPDYOG 223a069 aNUS 069 Buk aBUKU panduan pameran : aspek budaya klasik Indonesia Se-Sumatera aMedanbPusat Penelitian Arkeologi Nasionalc1994 avi, 25 hlm.c; 20 cm. aKoleksi Museum - Pameran aYOPDYOG a45819-PD/A.13